000 00473nam a22001457a 4500
008 140807b xxu||||| |||| 00| 0 eng d
050 _aKD1815.A2.L57(1934 vol49)
245 _aLloyd's list Law Reports(1934 vol49):Easter and Trinity sittings. /
_cedited by H.P. Henley
260 _aLondon:
_bLloyd's,
_c1934.
300 _aix, 495p.:
_c24cm
440 _pEaster and Trinity sittings, 1934
_vVol. 49
500 _aIncludes index
800 _aHenley, H.P.
942 _2lcc
_cBK
999 _c3266
_d10766